[Event "Istanbul (ol) 81/179"]
[Site "?"]
[Date "2000.??.??"]
[Round "?"]
[White "Svidler, P."]
[Black "Baklan, V."]
[Result "1/2-1/2"]
[WhiteElo "2689"]
[BlackElo "2599"]
[PlyCount "52"]
[EventDate "2000.??.??"]
[Source "Chess Informant"]
[SourceDate "2001.02.01"]

1. e4 c5 2. Nf3 d6 3. d4 cxd4 4. Nxd4 Nf6 5. Nc3 Nc6 6. Bg5 Bd7 7. Qd2 Rc8 8. f4 h6 9. Bxf6 gxf6 10. O-O-O Nxd4 11. Qxd4 Qa5 12. Kb1 Qc5 13. Qd3 Bg7 14. Qg3 Kf8 15. f5 h5 16. Qf3 Bc6 17. Bd3 e6 18. Qh3 e5 19. Qf3 a6 20. h4 Ke7 21. Ne2 Rcg8 22. Ng3 Bh6 23. Rde1 Rg4 24. Nxh5 Rhg8 25. g3 d5 26. exd5 Qxd5 1/2-1/2

[Event "USSR"]
[Site "?"]
[Date "1981.??.??"]
[Round "?"]
[White "Dolmatov, S."]
[Black "Yudasin, L."]
[Result "0-1"]
[WhiteElo "2610"]
[BlackElo "2625"]
[PlyCount "139"]
[EventDate "1981.??.??"]
[Source "www.chesslib.no"]
[SourceDate "2004.05.04"]

1. e4 c5 2. Nf3 Nc6 3. d4 cxd4 4. Nxd4 Nf6 5. Nc3 d6 6. Bg5 Bd7 7. Qd2 Rc8 8. f4 Nxd4 9. Qxd4 Qa5 10. e5 dxe5 11. fxe5 e6 12. O-O-O Bc6 13. Bb5 Nd5 14. Nxd5 Bxb5 15. Nc3 Bc5 16. Qg4 Bb4 17. Nxb5 Qxb5 18. Qe4 O-O 19. Rd4 a5 20. h4 Rc5 21. Bf4 Rfc8 22. Rhd1 Rxc2+ 23. Qxc2 Rxc2+ 24. Kxc2 h6 25. g3 a4 26. a3 Bc5 27. R4d3 Qc4+ 28. Kb1 Qe4 29. Ka1 h5 30. R3d2 b5 31. Rd3 Kh7 32. R3d2 Kg6 33. Rd8 b4 34. axb4 Qxb4 35. R1d3 Qe4 36. Ka2 Qe2 37. Kb1 Bb6 38. R8d6 Qe1+ 39. Ka2 Qb4 40. Rd7 Qc4+ 41. Ka1 Bc5 42. Rc3 Qb5 43. Rd1 Qe2 44. Rcd3 a3 45. R1d2 Qe1+ 46. Ka2 axb2 47. Rxb2 Qe4 48. Rbb3 Bd4 49. Kb1 Kf5 50. Kc2 Bxe5 51. Bxe5 Kxe5 52. Kd2 Qg2+ 53. Ke1 Kf5 54. Rf3+ Kg6 55. Rbe3 e5 56. Rf2 Qc6 57. Rfe2 f6 58. Kf2 Kf5 59. Re1 Qc5 60. Kf3 Qd4 61. Kg2 e4 62. R3e2 Ke5 63. Re3 f5 64. R1e2 Kf6 65. Re1 g5 66. hxg5+ Kxg5 67. Kh3 Qd7 68. R3e2 f4+ 69. Kh2 f3 70. Re3 0-1

[Event "Chicago USA"]
[Site "?"]
[Date "2006.05.28"]
[Round "5"]
[White "Stripunsky Alexander"]
[Black "Miton Kamil"]
[Result "1/2-1/2"]
[WhiteElo "2569"]
[BlackElo "2646"]
[PlyCount "81"]
[EventDate "2006.??.??"]
[Source "www.chesslib.no"]
[SourceDate "2004.05.04"]

1. e4 c5 2. Nf3 d6 3. d4 cxd4 4. Nxd4 Nf6 5. Nc3 Bd7 6. Bg5 Nc6 7. Qd2 Rc8 8. Nxc6 Bxc6 9. f3 a6 10. O-O-O e6 11. h4 Be7 12. Kb1 h6 13. Be3 Qc7 14. Bd3 d5 15. exd5 Nxd5 16. Nxd5 Bxd5 17. c4 Bc6 18. Bd4 e5 19. Bc3 O-O 20. Qe2 f6 21. g4 Rce8 22. Bc2 Rd8 23. Rd5 Rxd5 24. cxd5 Bxd5 25. Qd3 Rd8 26. Qh7+ Kf8 27. g5 Bg8 28. Qh8 Qc4 29. gxh6 Qxa2+ 30. Kc1 Bc5 31. Qxg7+ Ke8 32. Re1 Qa1+ 33. Bb1 Ba2 34. Kc2 Bxb1+ 35. Rxb1 Qa4+ 36. b3 Qxh4 37. Rd1 Qh2+ 38. Rd2 Rxd2+ 39. Bxd2 Be3 40. Qg8+ Ke7 41. Qh7+ 1/2-1/2

[Event "Linares"]
[Site "?"]
[Date "1988.??.??"]
[Round "?"]
[White "Georgiev, Kir"]
[Black "Ljubojevic, Lj"]
[Result "1-0"]
[WhiteElo "2595"]
[BlackElo "2610"]
[PlyCount "147"]
[EventDate "1988.??.??"]
[Source "ChessBase"]
[SourceDate "1988.01.01"]

1. e4 c5 2. Nf3 d6 3. d4 cxd4 4. Nxd4 Nf6 5. Nc3 Nc6 6. Bg5 Bd7 7. Qd2 Rc8 8. O-O-O Nxd4 9. Qxd4 Qa5 10. f4 h6 11. Bh4 e5 12. Qd3 Rxc3 13. bxc3 g5 14. fxg5 hxg5 15. Bxg5 Ng4 16. Be2 Rg8 17. h4 Nf2 18. Qf3 Qa3+ 19. Kd2 Nxd1 20. Rxd1 Be7 21. Bxe7 Kxe7 22. Bc4 Rf8 23. g4 Qc5 24. Bb3 f6 25. Rf1 Qc8 26. Rg1 b6 27. Rg2 Qe8 28. h5 Rh8 29. Kc1 Qf8 30. Rd2 Kd8 31. Kb2 Qe7 32. Rf2 Kc7 33. Qxf6 Qxf6 34. Rxf6 Bxg4 35. h6 Bh5 36. Bd5 Kd7 37. c4 Ke7 38. Re6+ Kd7 39. Kb3 Be8 40. Kb4 Bf7 41. Rf6 Be8 42. Kc3 Ke7 43. Re6+ Kd7 44. Kb4 Bf7 45. Rf6 Be8 46. c3 a6 47. Kb3 Ke7 48. Re6+ Kd7 49. c5 bxc5 50. Ka4 Bh5 51. c4 Be8 52. Ka5 Bf7 53. Rf6 Bxd5 54. exd5 e4 55. Kxa6 e3 56. Re6 Ra8+ 57. Kb6 Rxa2 58. Rxe3 Rb2+ 59. Ka5 Rh2 60. Rg3 Rxh6 61. Rg7+ Ke8 62. Kb5 Rh4 63. Ra7 Rg4 64. Kc6 Rxc4 65. Kxd6 Rh4 66. Ra8+ Kf7 67. Kc6 c4 68. Ra3 Rd4 69. d6 Ke6 70. Re3+ Kf5 71. d7 Kf4 72. Re1 c3 73. Kc7 Rc4+ 74. Kd6 1-0

[Event "Russia (ch) 73/(254)"]
[Site "?"]
[Date "1998.??.??"]
[Round "?"]
[White "Galkin, Alexander"]
[Black "Zvjaginsev, Vadim"]
[Result "1/2-1/2"]
[WhiteElo "2540"]
[BlackElo "2650"]
[PlyCount "54"]
[Source "ChessBase"]
[SourceDate "1998.06.01"]

1. e4 c5 2. Nf3 d6 3. d4 cxd4 4. Nxd4 Nf6 5. Nc3 Bd7 6. Bg5 Nc6 7. Qd2 Nxd4 8. Qxd4 Qa5 9. Bxf6 gxf6 10. O-O-O Rc8 11. Kb1 Qc5 12. Qxc5 Rxc5 13. Rd5 a6 14. Rxc5 dxc5 15. Nd5 Bc6 16. Be2 Bg7 17. Bf3 e6 18. Ne3 Ke7 19. Rd1 Bh6 20. Re1 Bg7 21. Rd1 Rd8 22. Rxd8 Kxd8 23. c3 Ke7 24. Kc2 Bh6 25. Kd3 Bf4 26. g3 Bc7 27. Bh5 b6 1/2-1/2

[Event "Wijk aan Zee NED"]
[Site "Wijk aan Zee NED"]
[Date "1982.??.??"]
[Round "?"]
[White "Tal, Mikhail N"]
[Black "Sosonko, Gennadi P"]
[Result "1-0"]
[WhiteElo "2605"]
[BlackElo "2580"]
[PlyCount "67"]
[EventDate "1982.??.??"]
[Source "www.chesslib.no"]
[SourceDate "2004.05.04"]

1. e4 c5 2. Nf3 d6 3. d4 cxd4 4. Nxd4 Nf6 5. Nc3 Nc6 6. Bg5 e6 7. Qd2 Nxd4 8. Qxd4 Bd7 9. O-O-O Qa5 10. Bd2 a6 11. Be2 Bc6 12. f3 Qc7 13. g4 Be7 14. g5 Nh5 15. f4 g6 16. a3 Ng7 17. h4 Rc8 18. Kb1 d5 19. exd5 exd5 20. Bg4 O-O 21. Qc4 Rcd8 22. h5 gxh5 23. Bxh5 Qd6 24. Be2 Nf5 25. Qd3 d4 26. Qxf5 Qg6 27. Qxg6+ fxg6 28. Na2 Bxh1 29. Rxh1 Bd6 30. Rf1 Kg7 31. Nc1 Rde8 32. Bd3 Be7 33. Nb3 Rd8 34. Re1 1-0

[Event "Corr"]
[Site "?"]
[Date "1999.06.30"]
[Round "?"]
[White "Brzozka Stefan (POL)"]
[Black "Sloth Jorn"]
[Result "0-1"]
[WhiteElo "2570"]
[BlackElo "2610"]
[PlyCount "36"]
[EventDate "1999.??.??"]
[Source "www.chesslib.no"]
[SourceDate "2004.05.04"]

1. e4 c5 2. Nf3 Nc6 3. d4 cxd4 4. Nxd4 Nf6 5. Nc3 d6 6. Bg5 a6 7. Qd2 Bd7 8. f3 e6 9. Bc4 Rc8 10. Nxc6 Bxc6 11. Bb3 Be7 12. O-O-O b5 13. Be3 O-O 14. Ne2 d5 15. e5 Nd7 16. f4 a5 17. c3 b4 18. Bc2 Bb5 0-1

[Event "Sankt_Peterburg"]
[Site "?"]
[Date "1997.??.??"]
[Round "?"]
[White "Svidler, P."]
[Black "Aseev, K."]
[Result "0-1"]
[WhiteElo "2640"]
[BlackElo "2530"]
[PlyCount "50"]
[EventDate "1997.??.??"]
[Source "ChessBase"]
[SourceDate "1997.02.01"]

1. e4 c5 2. Nf3 d6 3. d4 cxd4 4. Nxd4 Nf6 5. Nc3 Nc6 6. Bg5 Bd7 7. Qd2 Nxd4 8. Qxd4 Qa5 9. f4 h6 10. Bxf6 gxf6 11. O-O-O Rc8 12. Be2 Qc5 13. Qd2 Bg7 14. Kb1 f5 15. e5 O-O 16. g4 Rfd8 17. g5 dxe5 18. Rhg1 Be8 19. Nd5 hxg5 20. c4 g4 21. Bxg4 fxg4 22. Rxg4 Bd7 23. Rg5 f6 24. b4 Qxc4 25. Nxe7+ Kf8 0-1

[Event "Monarch Assurance"]
[Site "Isle of Man"]
[Date "2007.09.22"]
[Round "1.2"]
[White "Areshchenko, Alexander"]
[Black "Abergel, Thal"]
[Result "1-0"]
[WhiteElo "2645"]
[BlackElo "2512"]
[PlyCount "57"]
[EventDate "2007.09.22"]
[Source "www.chesslib.no"]
[SourceDate "2004.05.04"]

1. e4 c5 2. Nf3 d6 3. d4 cxd4 4. Nxd4 Nf6 5. Nc3 Nc6 6. Bg5 Bd7 7. Qd2 Rc8 8. Nxc6 Bxc6 9. f3 a6 10. O-O-O b5 11. Kb1 h6 12. Be3 e6 13. Ne2 d5 14. e5 Nd7 15. f4 Nc5 16. Nd4 Ne4 17. Qe1 Qc7 18. Bd3 Be7 19. g4 h5 20. gxh5 Rxh5 21. h4 Bd7 22. Qg1 Kf8 23. Rh2 b4 24. Rg2 Rh7 25. h5 Kg8 26. h6 Bf8 27. hxg7 Bxg7 28. Nf3 Bc6 29. Ng5 1-0

[Event "Batumi"]
[Site "?"]
[Date "1999.??.??"]
[Round "?"]
[White "Hracek, Z."]
[Black "Krakops, M."]
[Result "1-0"]
[WhiteElo "2625"]
[BlackElo "2530"]
[PlyCount "53"]
[EventDate "1999.??.??"]
[Source "Chess Informant"]
[SourceDate "1999.10.01"]

1. e4 c5 2. Nf3 Nc6 3. d4 cxd4 4. Nxd4 Nf6 5. Nc3 d6 6. Bg5 Bd7 7. Qd2 Rc8 8. Be2 a6 9. Bxf6 gxf6 10. Nf5 Qb6 11. O-O Bxf5 12. exf5 Nd4 13. Nd5 Qxb2 14. Rab1 Nxe2+ 15. Qxe2 Qxa2 16. Rfd1 b5 17. Qe3 Qc4 18. Nb6 Qc5 19. Nxc8 Qxc8 20. Rxd6 Bh6 21. Qxh6 exd6 22. Qxf6 Kd7 23. Qxf7+ Kc6 24. c4 Kb6 25. cxb5 axb5 26. Ra1 Qc7 27. Ra6+ 1-0

[Event "Mar del Plata"]
[Site "Mar del Plata"]
[Date "1971.??.??"]
[Round "8"]
[White "Planinec, Albin"]
[Black "Polugaevsky, Lev"]
[Result "0-1"]
[WhiteElo "2510"]
[BlackElo "2640"]
[PlyCount "122"]
[EventDate "1971.03.??"]
[Source "ChessBase"]

1. e4 c5 2. Nf3 d6 3. d4 cxd4 4. Nxd4 Nf6 5. Nc3 Nc6 6. Bg5 Bd7 7. Qd2 Rc8 8. f4 h6 9. Bh4 Nxd4 10. Qxd4 Qb6 11. Qxb6 axb6 12. e5 dxe5 13. fxe5 Ng4 14. e6 Bxe6 15. Bb5+ Bd7 16. Bxd7+ Kxd7 17. O-O-O+ Ke8 18. Nd5 Rc6 19. Rd4 g5 20. Rxg4 gxh4 21. Rxh4 e6 22. Nf6+ Ke7 23. Rf1 Bg7 24. Rhf4 h5 25. R4f3 Bxf6 26. Rxf6 Rh7 27. R1f3 Rg7 28. g3 Rc4 29. Rh6 h4 30. Rb3 hxg3 31. hxg3 Rc6 32. Rh4 Kd7 33. Rhb4 Kc7 34. a4 Rg5 35. Rf4 f5 36. Rfb4 Rh5 37. c4 Rh1+ 38. Kd2 Rh2+ 39. Ke3 Rc2 40. Kd4 Re2 41. a5 Re4+ 42. Kd3 bxa5 43. Rxb7+ Kd6 44. R3b6 Rexc4 45. Rxc6+ Kxc6 46. Re7 Re4 47. g4 Rxg4 48. Rxe6+ Kd5 49. Ra6 a4 50. Ra5+ Ke6 51. Ra6+ Ke5 52. Ra5+ Kf6 53. Ke3 Rb4 54. Ra8 f4+ 55. Kf3 Ke5 56. Re8+ Kd5 57. Rc8 Rxb2 58. Kxf4 a3 59. Ke3 a2 60. Rd8+ Kc4 61. Ra8 Kc3 0-1

[Event "Herford op"]
[Site "Herford"]
[Date "2000.06.25"]
[Round "6"]
[White "Meijers, Viesturs"]
[Black "Epishin, Vladimir"]
[Result "1/2-1/2"]
[WhiteElo "2482"]
[BlackElo "2667"]
[PlyCount "121"]
[EventDate "2000.06.24"]
[Source "ChessBase"]
[SourceDate "2000.07.11"]

1. e4 c5 2. Nf3 d6 3. d4 cxd4 4. Nxd4 Nf6 5. Nc3 Nc6 6. Bg5 Bd7 7. Qd2 Rc8 8. Be2 Nxd4 9. Qxd4 Qa5 10. Be3 a6 11. O-O g6 12. Nd5 Bg7 13. c3 Be6 14. Qb6 Qxb6 15. Nxb6 Rc7 16. f3 Nd7 17. Nd5 Bxd5 18. exd5 Nc5 19. Rfe1 Na4 20. Rab1 b5 21. Kf2 Kd7 22. Bd1 Rb8 23. Bb3 Nc5 24. Bxc5 Rxc5 25. Re2 Bf6 26. f4 a5 27. a3 Kc7 28. Kf3 Kb6 29. g3 Rbc8 30. Re4 R5c7 31. Re3 Rb8 32. Re4 Rc5 33. Re3 Kc7 34. Re4 Rb7 35. Re3 Kb8 36. Re4 Ka7 37. Re3 Ka6 38. Re4 Rbc7 39. Re3 Rc8 40. Re4 h6 41. Re3 R8c7 42. Re4 a4 43. Ba2 Bxc3 44. bxc3 Rxc3+ 45. Re3 Rxe3+ 46. Kxe3 Rc3+ 47. Kd4 Rxa3 48. Rb2 b4 49. Bc4+ Ka5 50. Re2 Ra1 51. Rxe7 Rd1+ 52. Bd3 b3 53. Rb7 a3 54. Rxb3 Ka4 55. Rb8 a2 56. Ra8+ Kb3 57. Rb8+ Ka3 58. Ra8+ Kb2 59. Rb8+ Ka3 60. Ra8+ Kb2 61. Rb8+ 1/2-1/2

[Event "Deutschland 75/186"]
[Site "?"]
[Date "1998.??.??"]
[Round "?"]
[White "Luther, Thomas"]
[Black "Baklan, Vladimir"]
[Result "0-1"]
[WhiteElo "2560"]
[BlackElo "2585"]
[PlyCount "88"]
[EventDate "1998.??.??"]
[Source "ChessBase"]
[SourceDate "1999.02.01"]

1. e4 c5 2. Nf3 d6 3. d4 cxd4 4. Nxd4 Nf6 5. Nc3 Nc6 6. Bg5 Bd7 7. Qd2 Rc8 8. O-O-O Nxd4 9. Qxd4 Qa5 10. Bd2 a6 11. a3 e5 12. Qd3 Ng4 13. Qe2 Qc5 14. Be1 Be7 15. h3 Nf6 16. g4 Be6 17. g5 Nd7 18. h4 h6 19. Rg1 hxg5 20. Nd5 Bxd5 21. Rxd5 Qc6 22. hxg5 Nc5 23. c3 g6 24. Bd2 Rh2 25. Bg2 Nb3+ 26. Kb1 Qc4 27. Qg4 Nxd2+ 28. Rxd2 Qe6 29. Qg3 Rh5 30. Rh1 Rxg5 31. Qf3 Qf6 32. Qh3 Kd8 33. Bf3 Kc7 34. Bg4 Rd8 35. f3 Qf4 36. Rdh2 f5 37. Qh7 fxg4 38. Qxe7+ Rd7 39. Qe8 Qf7 40. Qa8 gxf3 41. Rh8 f2 42. Qb8+ Kb6 43. Rf8 Rg1+ 44. Kc2 f1=Q 0-1

[Event "Paris 83/186"]
[Site "?"]
[Date "2001.??.??"]
[Round "?"]
[White "Fressinet, L."]
[Black "Miroshnichenko, E."]
[Result "1/2-1/2"]
[WhiteElo "2606"]
[BlackElo "2539"]
[PlyCount "41"]
[EventDate "2001.??.??"]
[Source "Chess Informant"]
[SourceDate "2001.10.01"]

1. e4 c5 2. Nf3 d6 3. d4 Nf6 4. Nc3 cxd4 5. Nxd4 Nc6 6. Bg5 Bd7 7. Qd2 Rc8 8. f4 h6 9. Bxf6 gxf6 10. O-O-O Nxd4 11. Qxd4 Qa5 12. Kb1 Qc5 13. Qd3 e6 14. e5 fxe5 15. Ne4 Qa5 16. Nxd6+ Bxd6 17. Qxd6 Qc7 18. Qxc7 Rxc7 19. fxe5 Rc5 20. Re1 Rg8 21. h4 1/2-1/2

[Event "Brno Morava-A"]
[Site "Brno"]
[Date "1991.??.??"]
[Round "9"]
[White "Mokry, Karel"]
[Black "Epishin, Vladimir"]
[Result "1/2-1/2"]
[WhiteElo "2525"]
[BlackElo "2615"]
[PlyCount "95"]
[EventDate "1991.09.??"]
[Source "ChessBase"]

1. e4 c5 2. Nf3 d6 3. d4 cxd4 4. Nxd4 Nf6 5. Nc3 Nc6 6. Bg5 Bd7 7. Qd2 Rc8 8. O-O-O Nxd4 9. Qxd4 Qa5 10. Bd2 a6 11. Kb1 Qc5 12. Qxc5 Rxc5 13. f3 Rc8 14. Be3 Bc6 15. g4 h6 16. h4 g6 17. Bh3 Bg7 18. Bd4 g5 19. Nd5 Bxd5 20. exd5 Rg8 21. Bf1 Kd8 22. hxg5 hxg5 23. Bxf6 Bxf6 24. Bd3 Kc7 25. Bf5 Rcf8 26. Rh7 Rh8 27. Rdh1 Rxh7 28. Rxh7 Kb6 29. c3 Kc5 30. Be4 b5 31. Kc2 a5 32. Kd3 b4 33. cxb4+ axb4 34. Rh2 Kb5 35. b3 Rc8 36. Rc2 Rh8 37. Rc6 Rb8 38. Ke3 Rb6 39. Bd3+ Ka5 40. Rc7 Rb8 41. Rc6 Rb6 42. a4 Rxc6 43. dxc6 Kb6 44. Be4 Be5 45. Kd3 d5 46. Bxd5 e6 47. Be4 f5 48. gxf5 1/2-1/2

[Event "Bermuda-A"]
[Site "Bermuda"]
[Date "2003.02.05"]
[Round "11"]
[White "Al Modiahki, Mohamad"]
[Black "Christiansen, Larry Mark"]
[Result "1-0"]
[WhiteElo "2571"]
[BlackElo "2562"]
[PlyCount "75"]
[EventDate "2003.01.25"]
[Source "ChessBase"]
[SourceDate "2003.05.26"]

1. e4 c5 2. Nf3 d6 3. d4 cxd4 4. Nxd4 Nf6 5. Nc3 Nc6 6. Bg5 Bd7 7. Qd2 Rc8 8. O-O-O Nxd4 9. Qxd4 Qa5 10. Be3 a6 11. f3 e5 12. Qb6 Qxb6 13. Bxb6 Be7 14. g4 Be6 15. h4 O-O 16. Bh3 Rc6 17. Be3 Rfc8 18. Rd2 Ne8 19. Nd5 Kf8 20. a3 Bd8 21. g5 g6 22. h5 gxh5 23. Bf5 Ng7 24. Bxh7 Bxd5 25. exd5 Bb6 26. dxc6 Bxe3 27. cxb7 Rb8 28. Be4 Bxg5 29. Kd1 Bxd2 30. Kxd2 Ke7 31. b4 Kd7 32. a4 Kc7 33. a5 Rh8 34. b5 axb5 35. a6 d5 36. Bxd5 Rd8 37. c4 bxc4 38. Kc3 1-0

[Event "Open"]
[Site "Metz FRA"]
[Date "2007.04.18"]
[Round "5"]
[White "Spraggett, K."]
[Black "Abergel, T."]
[Result "1-0"]
[WhiteElo "2631"]
[BlackElo "2498"]
[PlyCount "45"]
[EventDate "2007.04.14"]
[Source "www.chesslib.no"]
[SourceDate "2004.05.04"]

1. e4 c5 2. Nf3 d6 3. d4 cxd4 4. Nxd4 Nf6 5. Nc3 Nc6 6. Bg5 Bd7 7. Qd2 Rc8 8. Nb3 a6 9. O-O-O e6 10. f4 Be7 11. Bxf6 gxf6 12. Be2 O-O 13. Kb1 b5 14. Bh5 b4 15. Ne2 a5 16. Rhf1 a4 17. Nbd4 a3 18. Rf3 axb2 19. f5 Nxd4 20. Nxd4 e5 21. Qh6 Rc3 22. Rdd3 Kh8 23. Rh3 1-0

[Event "Solin"]
[Site "Solin"]
[Date "1998.??.??"]
[Round "6"]
[White "Zelcic, Robert"]
[Black "Kozul, Zdenko"]
[Result "1/2-1/2"]
[WhiteElo "2540"]
[BlackElo "2585"]
[PlyCount "144"]
[EventDate "1998.??.??"]
[Source "www.chesslib.no"]
[SourceDate "2004.05.04"]

1. e4 c5 2. Nf3 Nc6 3. d4 cxd4 4. Nxd4 Nf6 5. Nc3 d6 6. Bg5 Bd7 7. Qd2 Rc8 8. O-O-O Nxd4 9. Qxd4 Qa5 10. Bd2 a6 11. Kb1 Qc5 12. Qxc5 dxc5 13. f3 Bc6 14. e5 Nd5 15. Ne4 e6 16. c4 Nb6 17. Bd3 Nd7 18. f4 Be7 19. Rhg1 O-O 20. Be3 b6 21. Bc2 f6 22. exf6 Nxf6 23. Ng5 Ng4 24. Bc1 Bxg5 25. fxg5 e5 26. Rde1 Rce8 27. h3 Nf2 28. Be3 e4 29. Ref1 Nd3 30. Rxf8+ Rxf8 31. a3 a5 32. b3 a4 33. bxa4 Ra8 34. Bxd3 exd3 35. Kb2 Rxa4 36. Rd1 Be4 37. Kb3 Ra8 38. g3 Kf7 39. Ra1 Kg6 40. Kc3 Rd8 41. Kd2 Ra8 42. Bf4 Ra7 43. Rb1 Rxa3 44. Ke3 Bf5 45. Rxb6+ Kf7 46. Rb7+ Ke8 47. Be5 Ra4 48. g4 Bg6 49. Bxg7 Rxc4 50. Rb2 Kf7 51. Bf6 Ke6 52. Kf3 Rc1 53. h4 c4 54. h5 Be8 55. Ke3 Ba4 56. Kd2 Rg1 57. Kc3 Bb3 58. Rf2 Rxg4 59. g6 hxg6 60. h6 d2 61. Kxd2 c3+ 62. Bxc3 Rh4 63. Rf6+ Kd5 64. Rxg6 Rh2+ 65. Ke1 Bc2 66. Rf6 Be4 67. Ra6 Bd3 68. Rb6 Be4 69. Bg7 Bd3 70. Rb4 Bc4 71. Rb8 Re2+ 72. Kd1 Rh2 1/2-1/2

[Event "Lvov"]
[Site "Lvov"]
[Date "1984.??.??"]
[Round "4"]
[White "Short, Nigel D"]
[Black "Tal, Mihail"]
[Result "1/2-1/2"]
[WhiteElo "2500"]
[BlackElo "2620"]
[PlyCount "45"]
[EventDate "1984.02.??"]
[Source "ChessBase"]

1. e4 c5 2. Nf3 d6 3. d4 cxd4 4. Nxd4 Nf6 5. Nc3 Nc6 6. Bg5 Bd7 7. Qd2 Rc8 8. O-O-O Nxd4 9. Qxd4 Qa5 10. Bd2 a6 11. Kb1 Qc5 12. Qxc5 Rxc5 13. f3 Be6 14. Be3 Rc8 15. g4 g6 16. h4 Bg7 17. Nd5 h5 18. g5 Nxd5 19. exd5 Bf5 20. Bd3 Bxd3 21. Rxd3 Rc4 22. Rb3 Rc7 23. Bb6 1/2-1/2

[Event "It (open)"]
[Site "Biel (Switzerland)"]
[Date "2007.07.30"]
[Round "7"]
[White "Socko Bartosz (POL)"]
[Black "Gaponenko Inna (UKR)"]
[Result "1/2-1/2"]
[WhiteElo "2660"]
[BlackElo "2458"]
[PlyCount "133"]
[EventDate "2007.??.??"]
[Source "www.chesslib.no"]
[SourceDate "2004.05.04"]

1. e4 c5 2. Nf3 d6 3. d4 cxd4 4. Nxd4 Nf6 5. Nc3 Nc6 6. Bg5 Bd7 7. Qd2 Nxd4 8. Qxd4 Qa5 9. f4 e6 10. O-O-O Be7 11. e5 dxe5 12. fxe5 O-O-O 13. Qf4 Nd5 14. Nxd5 Bxg5 15. Qxg5 exd5 16. a3 g6 17. Be2 Bf5 18. Rhf1 Qc7 19. Bd3 Be6 20. Be2 Bf5 21. Rd2 Rhe8 22. Bg4 Bxg4 23. Qxg4+ Kb8 24. Qg3 Rd7 25. Re1 Re6 26. Rd3 d4 27. Qf4 f6 28. Rxd4 Rxd4 29. Qxd4 Rxe5 30. Rxe5 fxe5 31. Qd5 a6 32. c4 Qe7 33. Kc2 Ka7 34. g3 Qf6 35. Kc3 Qf2 36. Qxe5 Qxh2 37. b4 Qh1 38. Qe3+ Ka8 39. b5 Qa1+ 40. Kb4 axb5 41. cxb5 h5 42. Ka5 Qf6 43. b6 Qf5+ 44. Kb4 Qb1+ 45. Kc3 Qa1+ 46. Kb3 Qb1+ 47. Ka4 Qc2+ 48. Kb4 Qb1+ 49. Kc4 Qf1+ 50. Kd4 Qf6+ 51. Kd3 Qf5+ 52. Kc3 Qa5+ 53. Kc2 Qf5+ 54. Kc1 Qd7 55. Kb2 Qb5+ 56. Kc2 Qf5+ 57. Kd2 Qd5+ 58. Ke1 Qa5+ 59. Kd1 Qd5+ 60. Kc1 Qc4+ 61. Kb2 Qb5+ 62. Kc3 Qa5+ 63. Kc4 Qa4+ 64. Kc5 Qc6+ 65. Kb4 Qd6+ 66. Kb3 Qd5+ 67. Kc3 1/2-1/2

[Event "Skopje ol (Men)"]
[Site "Skopje MKD"]
[Date "1972.09.30"]
[Round "4.3"]
[White "Tal, Mikhail N"]
[Black "Radulov, Ivan G"]
[Result "1-0"]
[WhiteElo "2625"]
[BlackElo "2490"]
[PlyCount "146"]
[EventDate "1972.09.??"]
[Source "www.chesslib.no"]
[SourceDate "2004.05.04"]

1. e4 c5 2. Nf3 Nc6 3. d4 cxd4 4. Nxd4 Nf6 5. Nc3 d6 6. Bg5 Bd7 7. Qd2 Nxd4 8. Qxd4 Qa5 9. Bd2 e5 10. Qd3 Rc8 11. Be2 a6 12. O-O Bc6 13. Nd5 Qd8 14. Bg5 Bxd5 15. Bxf6 Qxf6 16. Qxd5 Rc7 17. Bc4 Be7 18. Qd3 O-O 19. Bd5 g6 20. a4 a5 21. Ra3 Bd8 22. Rb3 Qe7 23. Rd1 b6 24. Qd2 Kg7 25. Rd3 Qg5 26. Qe2 f5 27. exf5 Rxf5 28. Be4 Rf6 29. Rxd6 Rxd6 30. Rxd6 Be7 31. Rd1 Bc5 32. Kh1 Rf7 33. f3 Rf8 34. g3 Rd8 35. Bd3 Qe3 36. Qxe3 Bxe3 37. Re1 Bd4 38. b3 Bc3 39. Re2 Kf6 40. Kg2 Rd4 41. h4 h6 42. Kf1 Rd6 43. g4 Bb2 44. Rh2 Bc1 45. h5 g5 46. Re2 Bb2 47. Re3 Rd4 48. Kf2 Bc1 49. Re1 Bd2 50. Rd1 Bc3 51. Ke3 Bb4 52. Be2 Bc5 53. Rxd4 exd4+ 54. Ke4 Ke6 55. Bc4+ Kf6 56. Kd5 Kf7 57. Ke5+ Kg7 58. Bd5 Kh7 59. Kf6 Bf8 60. Be4+ Kg8 61. Kg6 Bg7 62. Bd5+ Kh8 63. Be6 Bf8 64. Bc4 Bg7 65. Kf7 Kh7 66. Bd3+ Kh8 67. Be4 Be5 68. Ke6 Bg7 69. Kd5 Bf6 70. Kc6 Bd8 71. Kd7 Bf6 72. Kc7 Be7 73. Kxb6 Bb4 1-0

[Event "NY"]
[Site "New York, NY USA"]
[Date "1991.??.??"]
[Round "?"]
[White "Fedorowicz, John P"]
[Black "Dzindzichashvili, Roman"]
[Result "1-0"]
[WhiteElo "2555"]
[BlackElo "2555"]
[PlyCount "99"]
[EventDate "1991.??.??"]
[Source "www.chesslib.no"]
[SourceDate "2004.05.04"]

1. e4 c5 2. Nf3 Nc6 3. d4 cxd4 4. Nxd4 Nf6 5. Nc3 d6 6. Bg5 Bd7 7. Qd2 Rc8 8. O-O-O Nxd4 9. Qxd4 Qa5 10. Bd2 Qc5 11. Qxc5 Rxc5 12. f3 a6 13. Be3 Rc8 14. g4 h6 15. h4 e6 16. Bh3 Bc6 17. g5 Nd7 18. g6 Be7 19. Ne2 Ne5 20. gxf7+ Kxf7 21. Nd4 Bd7 22. f4 Nc6 23. Ne2 Nb8 24. e5 d5 25. h5 Bc5 26. Bxc5 Rxc5 27. Rhg1 Nc6 28. Rg3 Ne7 29. Rdg1 Rg8 30. c3 b5 31. Nd4 Rc4 32. Bf1 Rcc8 33. Bd3 g5 34. hxg6+ Kg7 35. Kd2 Nc6 36. Ne2 b4 37. Rh3 bxc3+ 38. bxc3 Be8 39. Rg4 Ne7 40. Ng3 Bxg6 41. f5 exf5 42. Nxf5+ Nxf5 43. Bxf5 Rc6 44. Rhg3 Kh7 45. e6 Bxf5 46. Rxg8 Rc7 47. Re8 Bg6 48. Rd8 Bf5 49. Re3 Re7 50. Rd7 1-0

[Event "It (Open) Gibraltar ENG"]
[Site "?"]
[Date "2006.01.30"]
[Round "7"]
[White "Carlsson Pontus"]
[Black "Areshchenko Alexander"]
[Result "0-1"]
[WhiteElo "2430"]
[BlackElo "2670"]
[PlyCount "66"]
[EventDate "2006.??.??"]
[Source "www.chesslib.no"]
[SourceDate "2004.05.04"]

1. e4 c5 2. Nf3 d6 3. d4 cxd4 4. Nxd4 Nf6 5. Nc3 a6 6. Bg5 Nc6 7. Qd2 Bd7 8. Bxf6 gxf6 9. Nf5 Qa5 10. Be2 Rc8 11. Ne3 Bh6 12. O-O Qe5 13. Bd3 Bf4 14. g3 Nd4 15. Qd1 Bxe3 16. fxe3 Nc6 17. Nd5 Be6 18. c3 h5 19. Nf4 Qc5 20. Qd2 h4 21. gxh4 Rxh4 22. b4 Qg5+ 23. Kh1 Ne5 24. Rf2 Kd7 25. Rg1 Qh6 26. Be2 Qh7 27. Qd4 Ng4 28. Bxg4 Bxg4 29. Rgg2 e5 30. Qd5 exf4 31. Rxf4 Be6 32. Qd4 Rxf4 33. exf4 Rc4 0-1

[Event "UKR-chT"]
[Site "Alushta"]
[Date "2000.??.??"]
[Round "6"]
[White "Ponomariov, Ruslan"]
[Black "Miroshnichenko, Evgenij"]
[Result "1/2-1/2"]
[WhiteElo "2627"]
[BlackElo "2465"]
[PlyCount "49"]
[EventDate "2000.04.15"]
[Source "www.chesslib.no"]
[SourceDate "2004.05.04"]

1. e4 c5 2. Nf3 d6 3. d4 cxd4 4. Nxd4 Nf6 5. Nc3 Nc6 6. Bg5 Bd7 7. Qd2 Nxd4 8. Qxd4 Qa5 9. Bd2 Rc8 10. f3 a6 11. Nd5 Qc5 12. Qxc5 Rxc5 13. Nxf6+ gxf6 14. Bd3 h5 15. Be3 Rc8 16. Kf2 Bh6 17. Bd4 Bb5 18. Bc3 Bf4 19. Rae1 Bc4 20. g3 Be5 21. Bxe5 fxe5 22. Bxc4 Rxc4 23. c3 Kd7 24. Re2 Ke6 25. h4 1/2-1/2